000
00307nam a2200109Ia 4500
008
220204s9999 xx 000 0 und d
082
_a
658.1
_b
DUD
245
0
_a
How to improve profitability through more effective planning
260
_a
New York
_b
John Wiley
_c
1975
700
_a
Dudick, Thomas S
942
_c
BK
999
_c
28263
_d
28263